| 000 | 00606nam a22001577a 4500 | ||
|---|---|---|---|
| 082 | _a005 | ||
| 100 | _aAli khan, Sikandar; Kinza Nayab; Sidra ilyas khan and Aisha bibi. | ||
| 245 |
_aProject Procedural Management (PPM) _cSikandar Ali khan; Kinza Nayab; Sidra ilyas khan and Aisha bibi. |
||
| 260 |
_aIslamabad : _bSEECS - NUST, _c2010. |
||
| 300 |
_a44 p. : ill. ; _c30cm. |
||
| 650 |
_aProject report. _934829 |
||
| 700 |
_aSup: Dr. Muhammad Yusuf. _934827 |
||
| 856 | _uhttp://10.250.8.41:8080/xmlui/handle/123456789/29057 | ||
| 942 |
_2ddc _cTHE |
||
| 999 |
_c540678 _d540678 |
||